| 000 | 02974nam0a2200457 4500 | ||
|---|---|---|---|
| 001 | RU\NLR\BIBL_A\011195013 | ||
| 005 | 20250625214548.0 | ||
| 020 |
_aRU _9От Февраля к Октябрю: коллекция листовок/Рос. нац. б-ка |
||
| 035 | _a(NLR Aleph) 011195013 | ||
| 090 |
_a11887589 _c11887589 |
||
| 100 | _a20160812d1917 |||y0rusy50 ca | ||
| 101 | 0 | _arus | |
| 102 | _aRU | ||
| 105 | _ay z 000yy | ||
| 135 | _acrcn 024apada | ||
| 200 | 1 |
_aЖурнал заседания 11 мая 1917 года № 4 _e[листовка] _fМосковский Городской Избирательный комитет |
|
| 210 |
_aМосква [Московская губ.] _cМоск. гор. тип. _d[1917, май, после 11 - до 26] |
||
| 215 |
_a3 с. _d27х37 |
||
| 300 | _aПодписи: Председатель Избирательного комитета, Городской голова Н.И. Астров, Товарищ Председателя Н.С. Мамонтов, Член Комитета, Секретарь Л.Б. Залкинд | ||
| 300 | _aКоллекция листовок "От Февраля к Октябрю" (1 экз.) | ||
| 325 | 1 | _aКопия доступна в Электронной библиотеке РНБ | |
| 327 | 1 | _aО ходе подготовительных работ по организации выборов в районные думы г. Москвы | |
| 540 | 1 | _aО ходе подготовительных работ по организации выборов в районные думы г. Москвы | |
| 540 | 1 |
_aОт Февраля к Октябрю _eлистовки |
|
| 606 | 1 |
_aОрганы местного самоуправления _jЛистовки _xВыборы _z1917 _92277614 _3RU\NLR\AUTH\6601593246 |
|
| 607 |
_aРоссия _jЛистовки _xИстория _z1917 _92250871 _3RU\NLR\AUTH\661350120 |
||
| 686 | 0 | _aТ3(2)524.2,011 | |
| 686 | 0 | _aТ3(2)711.19-536,011 | |
| 686 | 1 | _aТ3(2-2М)711.1,011 | |
| 702 | 1 |
_4720 _aАстров _bН. И. _cполит. и обществ. деятель _f1868-1934 _gНиколай Иванович _9161142 _3RU\NLR\AUTH\770161184 |
|
| 702 | 1 |
_4720 _aМамонтов _bН. С. _cучастник революционного движения _9161214 _3RU\NLR\AUTH\770161256 |
|
| 702 | 1 |
_4720 _aЗалкинд _bЛ. Б. _cполит. деятель, экономист _f1886-1945 _gЛазарь Борисович _9161209 _3RU\NLR\AUTH\770161251 |
|
| 710 | 0 | 2 |
_aМосковский городской избирательный комитет _bЗаседание _f1917 _9526104 _3RU\NLR\AUTH\880430885 |
| 852 | 0 | 0 |
_aNLR _bФл _jX/112 |
| 942 | _cBOOK | ||
| 980 | _aNB | ||
| 981 | 4 | 2 |
_a(42) 1917: от Февраля к Октябрю _b(42) Листовки 1917 года |